00665nam a2200241 a 4500001001300000003000900013005001700022008004100039020001000080082001600090100002400106245001600130260003400146300000900180500003500189505001000224650002500234700002400259902000800283942000700291952011200298999001300410nice12345678IN_TiNIC20260116011353.0050524s1964 dela grp 000 0 urd  ac3.500a297.5bNAD2 aNadwi, Jaleel Ahsan aRaah-I-Amal aDelhibMaktaba Alhasnatc1964 a350p aincludes index and biblioraphy2 aTable aIslam-Moral Theology1 aNadwi, Jaleel Ahsan bSRS cBK 001040708StackRoom-aHMIbHMId2007-07-03g3.50l0o297.5 NAD2p02481r2007-07-03v3.50w2005-05-24yBK c938d938